| 000 | 00541nam a2200157Ia 4500 | ||
|---|---|---|---|
| 008 | 210716s2010 xx 000 0 und d | ||
| 020 | _a9788175545700 | ||
| 041 | _aeng | ||
| 082 | _a658.3125 EIGA | ||
| 100 | _aEigenhuis, Ap; Dijk, Rob Van. | ||
| 245 |
_aHighperformance business strategy: inspiring success through effective human resource management. _bInspiring success through effective human resource management. |
||
| 250 | _a1 | ||
| 260 |
_aNew Delhi _bKogan Page _c2010 |
||
| 300 | _aix,207 | ||
| 650 | _aHuman Resource Management | ||
| 999 |
_c209153 _d209153 |
||